1641 1653 1404 1491 1909 1911 1918 1465 1790 1835 1394 1939 1066 1012 1189 1348 1457 1561 1253 1335 1218 1918 1506 1089 1426 1990 1936 1844 1777 1138 1797 1797 1488 1113 1411 1902 1694 1766 1201 1495 1780 1447 1413 1717 1146 1155 1340 1195 1310 1569 1758 1350 1289 1652 1972 1117 1632 1465 1856 1233 1036 1946 1341 1205 1450 1372 1243 1660 1839 1022 1459 1560 1705 1135 1207 1563 1758 1620 1649 1751 1599 1306 1845 1375 1277 1493 1537 1827 1078 1803 1331 1529 1873 1187 1975 1619 1060 1415 1891 BCNSPRNW ULIB Ver.6.0+V

เปลี่ยนเป็นภาษาไทย

Change to English
 แสดงรายละเอียดบรรณานุกรม
  กลับหน้าหลัก

Brief Record : Get Marc (ISO 2709) : E-mail record : QR code < ปิดหน้าต่าง
LEADER : 00000nam 2200000uu 4500
001    13399124723
003     ULIB
008    160204s||||||||th 000 0 tha d
099    ^aวจ.LB2324^bศ631ป
100 0  ^aศิริรัตน์ จำปีเรือง
245 00 ^aความสัมพันธ์ระหว่างความรู้และเจตคติกับการประกันคุณภาพการศึกษาของบุคลากรวิทยาลัยพยาบาลบรมราชชนนี สวรรค์ประชารักษ์ นครสวรรค์/^cศิริรัตน์ จำปีเรือง
260    ^aนครสวรรค์:^cวิทยาลัยพยาบาลบรมราชชนนีสวรรค์ประชารักษ์ นครสวรรค์,^b2558
300    ^a46 หน้า
650  0 ^aการประกันคุณภาพการศึกษา^xวิจัย
710 1  ^aวิทยาลัยพยาบาลบรมราชชนนีสวรรค์ประชารักษ์ นครสวรรค์
945    ^p0^l0^i000277
999    ^aเกษร โพธิ์สุวรรณ
รายการนี้ยังไม่มีแท็ก
คุณยังไม่ได้ล็อกอิน คุณสามารถมีกิจกรรมร่วมกับเว็บไซต์ได้ แต่ต้องล็อกอินก่อน ::
  ล็อกอิน

รายการสื่อสารสนเทศ

ลำดับที่ ประเภท เลขเรียก/บาร์โค้ด สถานที่ สถานะ
1. งานวิจัย
งานวิจัย
วจ.LB2324 ศ631ป ฉ.1 
  Barcode: 000277
ห้องสมุดวิทยาเขตสวรรค์ประชารักษ์
►วิจัย
บนชั้น

รายการใกล้เคียง
    ผู้แต่ง [ศิริรัตน์ จำปีเรือง]

BibComment


ยังไม่เคยถูกคอมเมนท์

คอมเมนท์ทรัพยากรรายการนี้
  คอมเมนท์: ความสัมพันธ์ระหว..


 Copyright 2026. Bcnsprnw @Library